Le cinéma en couleurs (notice n° 1568413)

détails MARC
000 -LEADER
fixed length control field 01258cam a2200133 4500500
005 - DATE AND TIME OF LATEST TRANSACTION
control field 20251214004316.0
041 ## - LANGUAGE CODE
Language code of text/sound track or separate title fre
042 ## - AUTHENTICATION CODE
Authentication code dc
100 10 - MAIN ENTRY--PERSONAL NAME
Personal name Martin, Jessie
Relator term author
245 00 - TITLE STATEMENT
Title Le cinéma en couleurs
260 ## - PUBLICATION, DISTRIBUTION, ETC.
Name of publisher, distributor, etc. Armand Colin,<br/>
Date of publication, distribution, etc. 2013.<br/>
520 ## - SUMMARY, ETC.
Summary, etc. La couleur est l’une des composantes essentielles du cinéma : noir et blanc ou Technicolor, colorisation ou outil d’expérimentation artistique, c’est elle qui donne aux films leur identité et affirme leurs caractéristiques esthétiques et sensorielles. Spectaculaire, symbolique, évocatrice, militante parfois, la couleur est bien partie prenante dans la mise en forme du film et dans le discours du cinéaste. Cet ouvrage retrace l’histoire des techniques cinématographiques de la couleur tout en décrivant leur fonctionnement et explore les différents usages et pratiques de la couleur au cinéma. Il propose également différentes approches esthétiques, notamment la relation que la couleur entretient avec le réel et sa représentation, la signification (langage, sémiotique, symbolique de la couleur) ou la signifiance (abstraction de la couleur).
856 41 - ELECTRONIC LOCATION AND ACCESS
Uniform Resource Identifier <a href="https://shs.cairn.info/le-cinema-en-couleurs--9782200270322?lang=fr&redirect-ssocas=7080">https://shs.cairn.info/le-cinema-en-couleurs--9782200270322?lang=fr&redirect-ssocas=7080</a>

Pas d'exemplaire disponible.

PLUDOC

PLUDOC est la plateforme unique et centralisée de gestion des bibliothèques physiques et numériques de Guinée administré par le CEDUST. Elle est la plus grande base de données de ressources documentaires pour les Étudiants, Enseignants chercheurs et Chercheurs de Guinée.

Adresse

627 919 101/664 919 101

25 boulevard du commerce
Kaloum, Conakry, Guinée

Réseaux sociaux

Powered by Netsen Group @ 2025